Lunggel thelnah tungpan : (Record no. 8107)

MARC details
000 -LEADER
fixed length control field 00413nam a22001577a 4500
003 - CONTROL NUMBER IDENTIFIER
control field GBCCL
005 - DATE AND TIME OF LATEST TRANSACTION
control field 20241126110643.0
008 - FIXED-LENGTH DATA ELEMENTS--GENERAL INFORMATION
fixed length control field 190304b ||||| |||| 00| 0 eng d
040 ## - CATALOGING SOURCE
Transcribing agency gbc
082 ## - DEWEY DECIMAL CLASSIFICATION NUMBER
Classification number VER 800
Item number SUA
100 ## - MAIN ENTRY--PERSONAL NAME
Personal name Suantak, Sumthanlian
9 (RLIN) 14130
245 ## - TITLE STATEMENT
Title Lunggel thelnah tungpan :
Remainder of title thugelhte khilkhawm
260 ## - PUBLICATION, DISTRIBUTION, ETC.
Place of publication, distribution, etc. Churachandpur :
Name of publisher, distributor, etc. Vungsum suantak,
Date of publication, distribution, etc. 2018
300 ## - PHYSICAL DESCRIPTION
Extent 184
942 ## - ADDED ENTRY ELEMENTS (KOHA)
Source of classification or shelving scheme Dewey Decimal Classification
Koha item type Books
Koha issues (borrowed), all copies 2
Holdings
Withdrawn status Lost status Source of classification or shelving scheme Damaged status Not for loan Collection Home library Current Library Shelving location Date acquired Total checkouts Full call number Barcode Date last seen Copy number Price effective from Koha item type Date last checked out
    Dewey Decimal Classification       GRACE BIBLE COLLEGE GRACE BIBLE COLLEGE Vernacular 2019-03-04   VER 800 SUA 020037 2025-05-01 c.1 2019-03-04 Books  
    Dewey Decimal Classification       GRACE BIBLE COLLEGE GRACE BIBLE COLLEGE Vernacular 2019-03-04 2 VER 800 SUA 020038 2025-05-01 c.2 2019-03-04 Books 2023-09-29
© Grace Bible College Library 2025